| 000 | 00635nam a2200229 u 4500 | ||
|---|---|---|---|
| 005 | 20241107063728.0 | ||
| 008 | 151022s1995 mx r 000 0 spa d | ||
| 020 | _a968364385X | ||
| 035 | _aUPN01000206240 | ||
| 049 | _aCG | ||
| 050 | 4 |
_aBD331 _bD5.2 |
|
| 245 | 0 | 0 |
_aDiálogos sobre ontología y estética / _ccoord. Adriana Yáñez. |
| 260 |
_aMéxico : _bUNAM, _c1995. |
||
| 300 | _a276 p. | ||
| 440 | 0 | _a¿Por qué aún filosofía? | |
| 650 | 7 |
_aOntología _2 _913636 |
|
| 650 | 2 |
_aEstética _95739 |
|
| 650 | 2 |
_aEsencia (filosofía) _919302 |
|
| 700 | 1 |
_aYáñez, Adriana, _ecoord. |
|
| 905 | _aLibro | ||
| 999 |
_c178341 _d178341 |
||